000 00797nam a2200253Ia 4500
003 OSt
005 20220923221341.0
006 a|||||r|||| 00| 0
007 ta
008 220922b |||||||| |||| 00| 0 hin d
024 _a197,348
037 _cTextual
040 _aARTS
_cARTS
_bhin
041 _2hin
_ahin
082 _aO152,6NKA2x, L3
100 _aकर्ण सिंह
245 0 _aयुगान्त के क्षितिज पर
246 _aYugānta ke kṣhitij para
260 _aदिल्ली
_b नेशनल पब्लि0 हा0
_c1973
300 _a99पृ.
_ccm.
650 _aहिन्दी साहित्य
_9156264
942 _hO152,6NKA2x, L3
_cTEXL
_2CC
999 _c349219
_d349219